| 000 | 00502nam a22001817a 4500 | ||
|---|---|---|---|
| 005 | 20250728121223.0 | ||
| 008 | 250728b |||||||| |||| 00| 0 eng d | ||
| 020 | _q9780133684827 | ||
| 040 | _cChuka University Library | ||
| 050 |
_aQC 768.8 _b.S68 |
||
| 245 | _aSound and light; interactive science | ||
| 260 |
_aNew Jersey _bPearson _c2011 |
||
| 300 | _a156p. | ||
| 650 |
_aPhysics _9141 |
||
| 650 |
_aScience study and teaching _920578 |
||
| 650 |
_aPhysical science _920429 |
||
| 942 |
_2lcc _cBK _n0 |
||
| 999 |
_c20000 _d20000 |
||